000 00319nam a22001337a 4500
008 181122b xxu||||| |||| 00| 0 eng d
020 _a9780781732819
041 _aeng
080 _25th
_a616.9
100 _a8
101 _aINF
245 _aA Practical Approach to Infectious Diseases
_cBetts,R.F
942 _2udc
_cBK
999 _c52343
_d52343